Fr. Conceicao Rodrigues College of Engineering

Contemporary Linear systems using MATLAB (Record no. 27468)

MARC details
000 -LEADER
fixed length control field 00367nam a2200169Ia 4500
082 ## - DEWEY DECIMAL CLASSIFICATION NUMBER
Classification number 3.74
Item number STR
100 ## - MAIN ENTRY--PERSONAL NAME
Personal name Strum/Robert D/ Kirk/D.E
245 ## - TITLE STATEMENT
Title Contemporary Linear systems using MATLAB
260 ## - PUBLICATION, DISTRIBUTION, ETC.
Name of publisher, distributor, etc. Cengage Learning
Date of publication, distribution, etc. 2000
366 ## - TRADE AVAILABILITY INFORMATION
Publishers's discount category 17.5
300 ## - PHYSICAL DESCRIPTION
Extent 673
546 ## - LANGUAGE NOTE
Language note ENGLISH
650 ## - SUBJECT ADDED ENTRY--TOPICAL TERM
Topical term or geographic name entry element Matlab
654 ## - SUBJECT ADDED ENTRY--FACETED TOPICAL TERMS
Focus term matlab
942 ## - ADDED ENTRY ELEMENTS (KOHA)
Koha item type BOOK
Holdings
Withdrawn status Lost status Damaged status Not for loan Collection Home library Current library Date acquired Source of acquisition Cost, normal purchase price Inventory number Total Checkouts Full call number Barcode Date last seen Cost, replacement price Price effective from Koha item type
        CRC Fr. Agnel's C.Rodrigues College of Engineering Fr. Agnel's C.Rodrigues College of Engineering 17/03/2023 Educational books and periodicals 350.63 274 dt 05/06/2009   3.74 STR 19714 17/03/2023 425.00   BOOK